| 000 | 00369 a2200169 4500 | ||
|---|---|---|---|
| 001 | 184363 | ||
| 020 | _a85-322-2355-9 | ||
| 040 | _cMagnum | ||
| 100 | _aBarreto, Antonio | ||
| 240 | 1 | 0 |
_aO velho pássaro da lua _lpor |
| 245 | 1 | 0 | _aO velho pássaro da lua |
| 300 | _a61 | ||
| 362 | 0 | _a1998 | |
| 440 | 1 | _aFTD | |
| 697 | _aLITERATURA INFANTO-JUVENIL | ||
| 942 | _cBK | ||
| 999 |
_c184363 _d184363 |
||